| 000 | 00874nam a22002537a 4500 | ||
|---|---|---|---|
| 003 | OSt | ||
| 005 | 20260427072535.0 | ||
| 008 | 260427b |||||||| |||| 00| 0 eng d | ||
| 020 | _a0-07-287204-7 | ||
| 040 |
_aDWC-Main lib _cOC |
||
| 082 |
_24th edition _aCirc. 808.042 W956 2003 |
||
| 100 | _aEbest, Sally Barr | ||
| 245 |
_aWriting from A to Z : _bthe easy-to use reference handbook _cSally Barr Ebest |
||
| 260 |
_aBoston : _bMcGraw-Hill, _cc2003. |
||
| 300 |
_axiv, 517 pages ; _c21 cm. |
||
| 504 | _aIncludes index. | ||
| 650 | _a1. English language - Grammar - Handbooks, manuals, etc. | ||
| 650 | _a2. English language - Rhetoric Handbooks, manuals, etc. | ||
| 650 | _a3. Report writing--Handbooks, manuals, etc. | ||
| 700 | _dAlred, Gerald J. | ||
| 700 | _dBrusaw, Charles T. | ||
| 700 | _dOliu, Walter E. | ||
| 942 |
_2ddc _cBK-CIRC _e4th ed. _hCirc. _n0 |
||
| 999 |
_c9952 _d9952 |
||